<?xml version="1.0" encoding="UTF-8"?>
<record
    xmlns:xsi="http://www.w3.org/2001/XMLSchema-instance"
    xsi:schemaLocation="http://www.loc.gov/MARC21/slim http://www.loc.gov/standards/marcxml/schema/MARC21slim.xsd"
    xmlns="http://www.loc.gov/MARC21/slim">

  <leader>00855nam a22001577a 4500</leader>
  <controlfield tag="003">IT-RoPau</controlfield>
  <controlfield tag="005">20220918175943.0</controlfield>
  <controlfield tag="008">130307b        xxu||||| |||| 00| 0 eng d</controlfield>
  <datafield tag="040" ind1=" " ind2=" ">
    <subfield code="c">IT-RoPau</subfield>
  </datafield>
  <datafield tag="245" ind1=" " ind2=" ">
    <subfield code="a">Manual de la Autoridad en la SSP</subfield>
  </datafield>
  <datafield tag="250" ind1=" " ind2=" ">
    <subfield code="a">1&#xB0; ed</subfield>
  </datafield>
  <datafield tag="260" ind1=" " ind2=" ">
    <subfield code="a">Roma</subfield>
    <subfield code="b">Casa General SSP</subfield>
    <subfield code="c">1996</subfield>
  </datafield>
  <datafield tag="300" ind1=" " ind2=" ">
    <subfield code="a">238 pp</subfield>
    <subfield code="c">21 cm</subfield>
  </datafield>
  <datafield tag="520" ind1=" " ind2=" ">
    <subfield code="a">Sumario

Presentaci&#xF3;n del Superior General

Sumario
Siglas y abreviaturas
Orgnigrama global de la Congregaci&#xF3;n
Nota t&#xE9;cnica

Introducci&#xF3;n: Premisas sobre la autoridad [nn. 000-037]
Cap&#xED;tulo I: El Gobierno General [nn. 100-172]
Cap&#xED;tulo II: El Gobierno del circunscripcional
Provincia, Regi&#xF3;n (Delegaci&#xF3;n) [nn. 200-267]
Cap&#xED;tulo III: El Gobierno Local [300-329]
Cap&#xED;tulo IV: La autoridad delegada [400-438]

Ap&#xE9;ndice 1
Ap&#xE9;ndice 2
Ap&#xE9;ndice 3
Ap&#xE9;ndice 4

&#x13A;ndice anal&#xED;tico</subfield>
  </datafield>
  <datafield tag="942" ind1=" " ind2=" ">
    <subfield code="2">ddc</subfield>
    <subfield code="c">BK</subfield>
  </datafield>
  <datafield tag="999" ind1=" " ind2=" ">
    <subfield code="c">38190</subfield>
    <subfield code="d">38190</subfield>
  </datafield>
  <datafield tag="952" ind1=" " ind2=" ">
    <subfield code="0">0</subfield>
    <subfield code="1">0</subfield>
    <subfield code="2">ddc</subfield>
    <subfield code="4">0</subfield>
    <subfield code="6">P_C3</subfield>
    <subfield code="7">1</subfield>
    <subfield code="a">PAULUS</subfield>
    <subfield code="b">PAULUS</subfield>
    <subfield code="d">2013-03-07</subfield>
    <subfield code="l">0</subfield>
    <subfield code="o">P C3</subfield>
    <subfield code="r">2013-03-07 00:00:00</subfield>
    <subfield code="w">2013-03-07</subfield>
    <subfield code="y">BK</subfield>
  </datafield>
</record>
